000 00419nam a2200169 a 4500
001 0000-9108
003 ELIB.Books
008 110520 1975
035 _a(ELIB.Books)0000-9257
082 _a400
_bMas
100 _aMassaro, Dominic W.
245 _aUnderstanding Language
260 _bNew York: Academic Press
_c1975
650 _aLanguage
942 _2ddc
_cBK
998 _cbat
_e2011-05-20
999 _c9108
_d9108